Los efectos en el Caribe de la actual crisis del capitalismo mundial
Gespeichert in:
| 1. Verfasser: | |
|---|---|
| Format: | Text |
| Veröffentlicht: |
México :
|
| Tags: |
Tag hinzufügen
Keine Tags, Fügen Sie den ersten Tag hinzu!
|
MARC
| LEADER | 00000 a a2200000 04500 | ||
|---|---|---|---|
| 001 | 14617 | ||
| 003 | |||
| 040 | |a CRAI/IIS |c CRAI/IIS | ||
| 090 | |a 021600 | ||
| 100 | |a Pierre - Charles, Gerard | ||
| 245 | |a Los efectos en el Caribe de la actual crisis del capitalismo mundial | ||
| 260 | |a México : | ||
| 300 | |a 20 p. | ||
| 999 | |c 4476 |d 4476 | ||
